| 000 | 00575nam a2200229Ia 4500 | ||
|---|---|---|---|
| 003 | OSt | ||
| 005 | 20220923230440.0 | ||
| 006 | a|||||r|||| 00| 0 | ||
| 007 | ta | ||
| 008 | Pun | ||
| 024 | _a282,035 | ||
| 037 | _cTextual | ||
| 040 |
_aARTS _cARTS _bPun |
||
| 041 |
_2Pun _aPun |
||
| 082 | _aO153,3N231x, L9 | ||
| 100 | _aਬਖFੀ, ਲੋਚਨ | ||
| 245 | 0 | _aਦਸ ਵਜ ਕੇ ਦਸ | |
| 260 | _c1979 | ||
| 650 | _aਪੰਜਾਬੀ ਸਾਹਿਤ | ||
| 942 |
_hO153,3N231x, L9 _cTEXL _2CC |
||
| 999 |
_c384872 _d384872 |
||